Catalog

Record Details

Catalog Search



Available copies

  • 2 of 2 copies available at LARL/NWRL Consortium.
  • 2 of 2 copies available at Lake Agassiz Regional Library. (Show preferred library)

Current holds

0 current holds with 2 total copies.

Show Only Available Copies
Location Call Number / Copy Notes Barcode Shelving Location Status Due Date
Detroit Lakes Public Library J BAP (Text) 33500014367940 New Available -
Moorhead Public Library J BAP (Text) 33500014367957 New Available -

Record details

  • ISBN: 9781643753829
  • ISBN: 1643753827
  • ISBN: 9780316597654
  • ISBN: 0316597651
  • Physical Description: 261 pages ; 22 cm.
  • Edition: First edition.
  • Publisher: New York : Little, Brown and Company, 2026.

Content descriptions

Summary, etc.:
"A boy with the ability to turn himself invisible ... Read More
Target Audience Note:
Ages 8-12 Little, Brown and Company.
Subject: Ability > Juvenile fiction.
Invisibility > Juvenile fiction.
Superheroes > Juvenile fiction.
Foster children > Juvenile fiction.
African Americans > Juvenile fiction.
Ability > Fiction.
Invisibility > Fiction.
Superheroes > Fiction.
Foster children > Fiction.
African Americans > Fiction.
JUVENILE FICTION / General.
Genre: Superhero fiction.
Novels.
LDR 03286cam a22007458i 4500
001483327
003LARL_NWRL_CONSORTIUM
00520260429135022.0
008250903t20262026nyu c 000 1 eng
007ta
010 . ‡a 2025026903
040 . ‡aDLC ‡beng ‡erda ‡cDLC ‡dIG# ‡dOCLCO ‡dTOH ‡dORX ‡dOCLCO ‡dMZI ‡dCHILD ‡dMLSOD ‡dDCB ‡dJBI ‡dBKL
020 . ‡a9781643753829 ‡q(hardcover)
020 . ‡a1643753827 ‡q(hardcover)
020 . ‡a9780316597654 ‡q(ebook)
020 . ‡a0316597651 ‡q(ebook)
035 . ‡a(OCoLC)1522715046
042 . ‡apcc
08204. ‡a813/.6 ‡223
1001 . ‡aBaptiste, Tracey, ‡eauthor. ‡4aut ‡4http://id.loc.gov/vocabulary/relators/aut ‡1https://id.oclc.org/worldcat/entity/E39PCjH3V7pYhcH4bmKYvW7bkC ‡1http://id.loc.gov/rwo/agents/n2003054872
24510. ‡aKid X / ‡cTracey Baptiste.
250 . ‡aFirst edition.
264 1. ‡aNew York : ‡bLittle, Brown and Company, ‡c2026.
264 4. ‡c©2026
300 . ‡a261 pages ; ‡c22 cm.
334 . ‡asingle unit ‡bmono ‡0http://id.loc.gov/vocabulary/issuance/mono
336 . ‡atext ‡btxt ‡2rdacontent ‡0http://id.loc.gov/vocabulary/contentTypes/txt
337 . ‡aunmediated ‡bn ‡2rdamedia ‡0http://id.loc.gov/vocabulary/mediaTypes/n
338 . ‡avolume ‡bnc ‡2rdacarrier ‡0http://id.loc.gov/vocabulary/carriers/nc
385 . ‡mAge group ‡nage ‡aPreteens ‡2lcdgt ‡0http://id.loc.gov/authorities/demographicTerms/dg2015060394
4900 . ‡aBoy 2.0 ; ‡v2
520 . ‡a"A boy with the ability to turn himself invisible realizes he may not be the only one with special skills"-- ‡cProvided by publisher.
521 . ‡aAges 8-12 ‡bLittle, Brown and Company.
650 0. ‡aAbility ‡vJuvenile fiction.
650 0. ‡aInvisibility ‡vJuvenile fiction.
650 0. ‡aSuperheroes ‡vJuvenile fiction.
650 0. ‡aFoster children ‡vJuvenile fiction.
650 0. ‡aAfrican Americans ‡vJuvenile fiction. ‡0(LARL_NWRL_CONSORTIUM)163089
650 1. ‡aAbility ‡vFiction.
650 1. ‡aInvisibility ‡vFiction.
650 1. ‡aSuperheroes ‡vFiction.
650 1. ‡aFoster children ‡vFiction. ‡0(LARL_NWRL_CONSORTIUM)172246
650 1. ‡aAfrican Americans ‡vFiction. ‡0(LARL_NWRL_CONSORTIUM)163084
650 7. ‡aJUVENILE FICTION / General. ‡2bisacsh
655 7. ‡aSuperhero fiction. ‡2lcgft
655 7. ‡aNovels. ‡2lcgft
758 . ‡1http://id.loc.gov/resources/instances/in00024315233
758 . ‡4http://id.loc.gov/ontologies/bibframe/instanceOf ‡1http://id.loc.gov/resources/works/in00024315233
884 . ‡aDLC bibframe2marc v3.0-dev ‡g20250903 ‡qDLC ‡uhttps://github.com/lcnetdev/bibframe2marc/tree/v3.0-dev
905 . ‡uvanderl
901 . ‡a483327 ‡bAUTOGEN ‡c483327 ‡tbiblio ‡soclc

Additional Resources